000 00585nam a2200181Ia 4500
008 090630s9999 xx 000 0 und d
082 _b23086
100 _aमहाजन भास्कर.
245 _aअनाकलनीय.
_cमहाजन भास्कर.
260 _bशांती - पुणे.
_c2002
300 _a199
600 _aमहाजन भास्कर.
630 _aअनाकलनीय.
655 _aकादंबरी.
700 _aमहाजन भास्कर.
730 _aअनाकलनीय.
942 _cBOOK
999 _c274942
_d274942